| 000 | 00855nam a2200265 i 4500 | ||
|---|---|---|---|
| 001 | 000047685 | ||
| 003 | DO-SdBNP | ||
| 005 | 20250807100149.0 | ||
| 007 | ta | ||
| 008 | 180719s2010 dr 000 0 spa d | ||
| 020 | _a9789996142482 | ||
| 040 |
_aDO-SdBNP _bspa _cBNPHU _erda |
||
| 041 | _aspa | ||
| 082 | 4 |
_axxx _bC961f _222 |
|
| 245 | 0 | 0 |
_aCuadernos de familia : _bsegundo ciclo básica. |
| 246 | 0 | 4 | _aCuadernos de familia: segundo ciclo básica |
| 264 | 1 |
_aSanto Domingo : _bMINERD ; _bDirección General Participación Comunitaria, _c2010. |
|
| 300 |
_a128 páginas : _bilustraciones ; _c28 cm. |
||
| 336 |
_atexto _btxt _2rdacontent |
||
| 337 |
_asin mediación _bn _2rdamedia |
||
| 338 |
_avolumen _bnc _2rdacarrier |
||
| 590 | _aInventariado, 2018/MFF | ||
| 710 | 1 |
_aRepública Dominicana. _bMinisterio de Educación. _943100 |
|
| 942 |
_2ddc _cLBS1 |
||
| 999 |
_c47173 _d47173 |
||